000 00799nam a2200217Ia 4500
999 _c39933
_d39933
001 6539
003 GE_BSU
005 20191011160812.0
008 181216s1984||||ge |||||||||||||| ||geo||
040 _cGE_BSU
041 _ageo
080 _a821.353.1-32 ბ-54
100 _aბეროშვილი, ლელა.
_94697
245 _aსაღამო :
_bმოთხრობები /
_cლელა ბეროშვილი ; რედ. ცისანა ჩხაიძე.
264 _aთბილისი :
_bნაკადული ;
_c1984.
300 _a158 გვ. ;
_c17 სმ.
653 _aსაღამო
653 _aმოთხრობები
700 _aჩხაიძე, ცისანა
_eრედაქტორი
_94698
942 _cBK
_2udc